STN EN 15655: 2009 (13 2076) Rúry, tvarovky a príslušenstvo z tvárnej liatiny. Vnútorná polyuretánová výstelka rúr a tvaroviek. Požiadavky a skúšobné metódy

Táto norma je slovenskou verziou európskej normy EN 15655: 2009. Preklad zabezpečil Slovenský ústav technickej normalizácie. Táto norma má rovnaké postavenie, ako majú oficiálne verzie

Bibliographic Details
Other Authors: Brodňan, Ladislav (Translator)
Format: Book
Language:Slovak
English
PhysicalDescription:20 s. obr., tab. 30 cm
Published: Bratislava Slovenský ústav technickej normalizácie 2009
Subjects:

MARC

LEADER 00000nam a2200000 a 4500
001 vtls009848414
003 SK-MaSNL
005 20260301130545.0
008 160624s2009 xo ka f u 000 0 slo
015 |a SNBN2010/01-00307 
020 |c (cen. skup. 12) 
035 |a (SVKBBclas03)vtls000314485 
040 |a SNK  |b slo  |c SNK  |e AACR2 
041 1 |a slo  |h eng 
044 |a xo  |c SK 
046 |a s  |m 200907 (účin. ) 
072 7 |a 621  |x Strojárstvo  |2 konspekt 
072 7 |a 628  |x Zdravotná technika. Úprava vody. Odpadové hospodárstvo. Svetelná technika  |2 konspekt 
080 |a 621.746.395  |2 2001 
080 |a 006.7/.8  |2 2001 
080 |a (437.6) 2 2001  |2 1981 
080 |a (4)  |2 2001 
080 |a 669.13  |2 2001 
080 |a 628.143  |2 2001 
084 |a 23.040.10  |2 ICS 
084 |a 23.040.40  |2 ICS 
130 0 |a STN 13 2076 (STN EN 15655)  |9 478401 
245 1 0 |a STN EN 15655: 2009 (13 2076) Rúry, tvarovky a príslušenstvo z tvárnej liatiny. Vnútorná polyuretánová výstelka rúr a tvaroviek. Požiadavky a skúšobné metódy  |c spracovateľ Ladislav Brodňan, Zálesie 
246 1 0 |a Rúry, tvarovky a príslušenstvo z tvárnej liatiny 
246 3 0 |a EN 15655: 2009 E 
246 1 0 |a Vnútorná polyuretánová výstelka rúr a tvaroviek 
246 1 0 |a Požiadavky a skúšobné metódy 
260 |a Bratislava  |b Slovenský ústav technickej normalizácie  |c 2009 
300 |a 20 s.  |b obr., tab.  |c 30 cm 
504 |a Citované normy, súvisiace právne predpisy s. 2 ; literatúra s. 20 
520 8 |a Táto norma je slovenskou verziou európskej normy EN 15655: 2009. Preklad zabezpečil Slovenský ústav technickej normalizácie. Táto norma má rovnaké postavenie, ako majú oficiálne verzie 
540 |a STN vydané na akomkoľvek nosiči sa môžu rozmnožovať a rozširovať iba so súhlasom určenej právnickej osoby  |b SÚTN Bratislava  |c zákon 264/1999 Z. z. 
650 0 7 |a rúry  |2 SVKBBPH  |9 51585 
650 0 7 |a technické normy a štandardy  |z Slovensko  |2 SVKBBPH  |9 79594 
650 0 7 |a technické normy a štandardy  |z krajiny Európskej únie  |2 SVKBBPH  |9 289341 
650 0 7 |a tvarovky  |2 SVKBBPH  |9 314212 
650 0 7 |a liatinové rúry  |2 SVKBBPH  |9 478402 
650 0 7 |a liatinové tvarovky  |2 SVKBBPH  |9 478403 
655 7 |a normy  |2 SVKBBPH  |9 70643 
700 1 |a Brodňan, Ladislav  |4 trl  |9 279836 
710 2 |a Slovenský ústav technickej normalizácie  |4 stn  |9 32706 
958 |a OP 
958 |a NB 
999 |c 745366  |d 747296 
952 |a SNK  |b SNK  |y PREZ  |7 0  |p 17A0633340  |o snkSTN EN 15655  |i snk2009/15175  |8 0  |0 0  |1 0  |4 0  |d 2009-10-05  |l 0  |r 2026-02-23 23:14:16  |w 2026-02-23 
952 |a SNK  |b SNK  |y PREZ  |7 0  |p 17A0633339  |o snkSTN EN 15655 D1  |i snk2009/15176  |8 0  |0 0  |1 0  |4 0  |d 2009-10-05  |l 0  |r 2026-02-23 23:14:16  |w 2026-02-23